[Event "SUI-chB"]
[Site "Flims"]
[Date "2012.07.12"]
[Round "1"]
[White "Grandadam, Nicolas"]
[Black "Noyer, Olivier"]
[Result "1-0"]
[WhiteElo "2317"]
[BlackElo "2010"]
[PlyCount "77"]
[EventDate "2012.07.12"]
[EventType "swiss"]
[EventRounds "9"]
[EventCountry "SUI"]
[SourceTitle "CBM 149 Extra"]
[Source "ChessBase"]
[SourceDate "2012.08.24"]
[SourceVersion "1"]
[SourceVersionDate "2012.08.24"]
[SourceQuality "1"]

1. Nf3 d5 2. d4 Nf6 3. c4 c6 4. Nc3 e6 5. Bg5 h6 6. Bxf6 Qxf6 7. e3 Nd7 8. Bd3 Qd8 9. 0-0 Be7 10. e4 dxc4 11. Bxc4 0-0 12. Qe2 Nf6 13. Rfd1 b5 14. Bd3 Bb7 15. Rac1 a6 16. Bb1 Qb6 17. e5 Nd5 18. Qc2 g6 19. Ne4 Rad8 20. h4 h5 21. Qb3 Qa5 22. Neg5 Bxg5 23. Nxg5 Qb4 24. Qg3 Ne7 25. Ne4 Kg7 26. Qg5 Nd5 27. Nc5 Bc8 28. Be4 Qxb2 29. Rc2 Qb4 30. Rd3 Qa5 31. Rg3 Qc7 32. Qxh5 Rh8 33. Qg4 Qe7 34. h5 g5 35. f4 f6 36. exf6+ Qxf6 37. Qxg5+ Qxg5 38. Rxg5+ Kf8 39. g4 1-0

[Event "SUI-ch Seniors"]
[Site "Leukerbad"]
[Date "2011.07.15"]
[Round "9"]
[White "Karl, Hans"]
[Black "Noyer, Olivier"]
[Result "1-0"]
[WhiteElo "2171"]
[BlackElo "2007"]
[PlyCount "50"]
[EventDate "2011.07.07"]
[EventType "tourn"]
[EventRounds "9"]
[EventCountry "SUI"]
[SourceTitle "EXT 2024"]
[Source "ChessBase"]
[SourceDate "2023.10.10"]
[SourceVersion "1"]
[SourceVersionDate "2023.10.10"]
[SourceQuality "1"]

1. e4 c6 2. d4 d5 3. e5 Bf5 4. c4 dxc4 5. Bxc4 e6 6. Nc3 Bb4 7. Nge2 Ne7 8. 0-0 0-0 9. a3 Bxc3 10. bxc3 Nd7 11. Bg5 h6 12. Be3 Qc7 13. Ng3 Nb6 14. Bd3 Bg6 15. Bxg6 Nxg6 16. Qg4 Qe7 17. Ne4 Nc4 18. g3 Kh7 19. Qh5 Nxe3 20. fxe3 f5 21. exf6 gxf6 22. g4 Qg7 23. g5 f5 24. gxh6 Qg8 25. Ng5+ Kh8 1-0

[Event "SUI-ch Seniors"]
[Site "Leukerbad"]
[Date "2011.07.13"]
[Round "7"]
[White "Vucenovic, Dragomir"]
[Black "Noyer, Olivier"]
[Result "1/2-1/2"]
[WhiteElo "2247"]
[BlackElo "2007"]
[PlyCount "108"]
[EventDate "2011.07.07"]
[EventType "tourn"]
[EventRounds "9"]
[EventCountry "SUI"]
[SourceTitle "EXT 2024"]
[Source "ChessBase"]
[SourceDate "2023.10.10"]
[SourceVersion "1"]
[SourceVersionDate "2023.10.10"]
[SourceQuality "1"]

1. d4 d5 2. Nf3 Nf6 3. g3 c6 4. Bg2 Bg4 5. 0-0 e6 6. Nbd2 Be7 7. b3 0-0 8. Bb2 Nbd7 9. c4 Rc8 10. a3 Re8 11. Rc1 h6 12. Re1 a6 13. h3 Bf5 14. Ne5 Nxe5 15. dxe5 Nd7 16. e4 dxe4 17. Nxe4 Nc5 18. Nxc5 Bxc5 19. b4 Be7 20. c5 Qxd1 21. Rexd1 Rcd8 22. a4 Rxd1+ 23. Rxd1 Rd8 24. Rxd8+ Bxd8 25. b5 axb5 26. axb5 cxb5 27. Bc3 Kf8 28. Bxb7 Bc7 29. f4 Bxh3 30. Bc6 Ke7 31. Bxb5 f6 32. Kf2 fxe5 33. fxe5 g5 34. Ke3 Bg2 35. Kd4 h5 36. Bd2 g4 37. Bg5+ Kf7 38. Bf6 Ba5 39. Bg5 Be1 40. c6 Bxg3 41. c7 Bb7 42. Bd7 Bf2+ 43. Be3 g3 44. c8Q Bxc8 45. Bxc8 h4 46. Bb7 h3 47. Bf3 Kg6 48. Be4+ Kh5 49. Bf3+ Kh4 50. Kd3 Bxe3 51. Kxe3 g2 52. Kf2 Kg5 53. Bd1 Kf4 54. Bh5 Kxe5 1/2-1/2

[Event "SUI-ch Seniors"]
[Site "Leukerbad"]
[Date "2011.07.08"]
[Round "2"]
[White "Noyer, Olivier"]
[Black "Bhend, Edwin"]
[Result "0-1"]
[WhiteElo "2007"]
[BlackElo "2257"]
[PlyCount "90"]
[EventDate "2011.07.07"]
[EventType "tourn"]
[EventRounds "9"]
[EventCountry "SUI"]
[SourceTitle "EXT 2024"]
[Source "ChessBase"]
[SourceDate "2023.10.10"]
[SourceVersion "1"]
[SourceVersionDate "2023.10.10"]
[SourceQuality "1"]

1. d4 d5 2. Nf3 e6 3. c4 c6 4. e3 f5 5. Be2 Nf6 6. 0-0 Bd6 7. b3 Qe7 8. Bb2 0-0 9. Qc1 b6 10. Nbd2 Bb7 11. Ne5 c5 12. dxc5 bxc5 13. Qc2 Nbd7 14. Ndf3 Ne4 15. Rad1 Ndf6 16. Ne1 Qc7 17. N1d3 Rad8 18. f4 a5 19. Nf2 Nxf2 20. Rxf2 Qb6 21. Bf3 Ne4 22. Bxe4 fxe4 23. Qc3 Qb4 24. Rfd2 Qxc3 25. Bxc3 Bc7 26. Ng4 Bb6 27. Kf1 d4 28. Bb2 d3 29. Ne5 Rd6 30. Bc3 Ra8 31. Rb2 Rdd8 32. g3 Bc8 33. h3 Bd7 34. Kf2 Be8 35. g4 Bc7 36. Kg3 Rdb8 37. f5 exf5 38. gxf5 Bh5 39. Rg1 Rf8 40. Rf2 Rae8 41. Kf4 Bf3 42. Rg5 Re6 43. f6 Rexf6+ 44. Kg3 Rf5 45. Kh4 Rxg5 0-1

[Event "SUI-ch Seniors"]
[Site "Lenzerheide"]
[Date "2010.07.12"]
[Round "5"]
[White "Noyer, Olivier"]
[Black "Karl, Hans"]
[Result "1-0"]
[WhiteElo "2024"]
[BlackElo "2212"]
[PlyCount "130"]
[EventDate "2010.07.08"]
[EventType "tourn"]
[EventRounds "9"]
[EventCountry "SUI"]
[SourceTitle "CBM 137 Extra"]
[Source "ChessBase"]
[SourceDate "2010.09.01"]
[SourceVersion "1"]
[SourceVersionDate "2010.09.01"]
[SourceQuality "1"]

1. d4 Nf6 2. Nf3 g6 3. g3 Bg7 4. Bg2 0-0 5. 0-0 d6 6. c4 c6 7. Nc3 Nbd7 8. e4 Qc7 9. h3 e5 10. Be3 Re8 11. Qc2 Nf8 12. Rad1 b6 13. Rfe1 Bb7 14. b4 Rad8 15. b5 Ne6 16. bxc6 exd4 17. cxb7 dxc3 18. Ng5 Nc5 19. Bd4 Nxb7 20. Qxc3 Nh5 21. Bxg7 Nxg7 22. e5 Nc5 23. Bd5 Nce6 24. Ne4 Rf8 25. exd6 Qc8 26. Qe5 Kh8 27. Kg2 f5 28. Nf6 Nc5 29. Qe7 Ne4 30. Nxe4 fxe4 31. Rxe4 Rd7 32. Qe5 Qc5 33. Rf4 Rxf4 34. Qxf4 Qxd6 35. Qxd6 Rxd6 36. Bf3 Rxd1 37. Bxd1 Kg8 38. Kf3 Kf7 39. Ke4 Ke6 40. Bg4+ Kd6 41. Kd4 Ne8 42. f4 Nf6 43. Bf3 Nd7 44. h4 Nf6 45. g4 Nd7 46. g5 a6 47. h5 Nf8 48. hxg6 hxg6 49. Bg4 Nh7 50. Bf3 Nf8 51. Be4 Ne6+ 52. Ke3 Nf8 53. f5 gxf5 54. Bxf5 Ke5 55. g6 Kf6 56. Kf4 Nxg6+ 57. Bxg6 Kxg6 58. Ke5 Kf7 59. Kd6 Ke8 60. a4 Kd8 61. Kc6 b5 62. cxb5 axb5 63. axb5 Kc8 64. b6 Kb8 65. b7 Ka7 1-0

[Event "Geneve op 26th"]
[Site "Geneve"]
[Date "2009.12.26"]
[Round "1"]
[White "Noyer, Olivier"]
[Black "Khenkin, Igor"]
[Result "0-1"]
[WhiteElo "2036"]
[BlackElo "2595"]
[PlyCount "44"]
[EventDate "2009.12.26"]
[EventType "swiss"]
[EventRounds "7"]
[EventCountry "SUI"]
[SourceTitle "EXT 2011"]
[Source "ChessBase"]
[SourceDate "2010.11.26"]
[SourceVersion "1"]
[SourceVersionDate "2010.11.26"]
[SourceQuality "1"]

1. d4 Nf6 2. Nf3 d5 3. c4 e6 4. Nc3 Bb4 5. Bg5 dxc4 6. e3 b5 7. Be2 Bb7 8. 0-0 a6 9. a4 c6 10. Ne4 Nbd7 11. b3 cxb3 12. Qxb3 Be7 13. Ned2 0-0 14. Rfc1 Rc8 15. Nc4 Ne4 16. Bxe7 Qxe7 17. Nce5 Nxe5 18. Nxe5 b4 19. Ra2 c5 20. Rac2 Nc3 21. dxc5 Qxc5 22. Nc4 Bc6 0-1

[Event "SUI-ch Seniors"]
[Site "Samnaun"]
[Date "2008.07.14"]
[Round "5"]
[White "Hohler, Peter"]
[Black "Noyer, Olivier"]
[Result "1/2-1/2"]
[WhiteElo "2200"]
[BlackElo "2087"]
[PlyCount "37"]
[EventDate "2008.07.08"]
[EventType "tourn"]
[EventRounds "9"]
[EventCountry "SUI"]
[SourceTitle "CBM 125 Extra"]
[Source "ChessBase"]
[SourceDate "2008.09.01"]
[SourceVersion "1"]
[SourceVersionDate "2008.09.01"]
[SourceQuality "1"]

1. d4 c6 2. c4 d5 3. e3 Nf6 4. Nf3 e6 5. Nbd2 Nbd7 6. Bd3 Bd6 7. 0-0 0-0 8. e4 e5 9. cxd5 cxd5 10. exd5 exd4 11. Nxd4 Nc5 12. Bf5 Nxd5 13. Nc4 Be7 14. Qf3 Nb6 15. Nxb6 Qxb6 16. Rb1 Rd8 17. Be3 Qf6 18. Bxc8 Qxf3 19. Nxf3 1/2-1/2

[Event "SUI-ch Seniors"]
[Site "Samnaun"]
[Date "2008.07.10"]
[Round "1"]
[White "Rickenbach, Jakob"]
[Black "Noyer, Olivier"]
[Result "0-1"]
[WhiteElo "2023"]
[BlackElo "2087"]
[PlyCount "104"]
[EventDate "2008.07.08"]
[EventType "tourn"]
[EventRounds "9"]
[EventCountry "SUI"]
[SourceTitle "CBM 125 Extra"]
[Source "ChessBase"]
[SourceDate "2008.09.01"]
[SourceVersion "1"]
[SourceVersionDate "2008.09.01"]
[SourceQuality "1"]

1. Nf3 Nf6 2. e3 d5 3. b3 Bg4 4. Be2 Nbd7 5. d4 e6 6. 0-0 Bd6 7. Bb2 0-0 8. Nbd2 Qe7 9. Ne5 Bf5 10. Bd3 Ne4 11. f3 Nxd2 12. Qxd2 Bxd3 13. cxd3 c5 14. f4 Rfc8 15. Rac1 f6 16. Nxd7 Qxd7 17. dxc5 Bxc5 18. h3 Qd6 19. Kh1 Rc7 20. d4 Bb4 21. Qe2 Rac8 22. Rxc7 Rxc7 23. Rc1 Rxc1+ 24. Bxc1 Qc6 25. Bb2 a6 26. Kg1 g6 27. Kf2 Kf7 28. g4 Qb5 29. Qc2 Qa5 30. a4 Bd6 31. Qd3 b5 32. Bc3 Qb6 33. Kf3 bxa4 34. bxa4 Qc6 35. a5 Ke7 36. Bd2 Kd7 37. Kf2 Qb5 38. Qc2 Qc4 39. Qb2 Qb5 40. Qc2 Bc7 41. Qc3 Qb1 42. Be1 Qa2+ 43. Bd2 Qc4 44. Qxc4 dxc4 45. e4 Kc6 46. Ke3 Kb5 47. d5 exd5 48. exd5 Bxa5 49. Bxa5 Kxa5 50. g5 fxg5 51. fxg5 Kb5 52. Kd4 c3 0-1

[Event "SUI-ch op"]
[Site "Leukerbad"]
[Date "2007.07.17"]
[Round "6"]
[White "Rindlisbacher, Lars"]
[Black "Noyer, Olivier"]
[Result "1-0"]
[WhiteElo "1949"]
[BlackElo "2117"]
[PlyCount "33"]
[EventDate "2007.07.12"]
[EventType "swiss"]
[EventRounds "9"]
[EventCountry "SUI"]
[SourceTitle "CBM 119 Extra"]
[Source "ChessBase"]
[SourceDate "2007.09.04"]
[SourceVersion "1"]
[SourceVersionDate "2007.09.04"]
[SourceQuality "1"]

1. d4 c6 2. e4 d5 3. f3 g6 4. c3 Bg7 5. Be3 e5 6. dxe5 Bxe5 7. Nd2 Bg7 8. Bd3 dxe4 9. Nxe4 Nd7 10. Nd6+ Kf8 11. Ne4 Nc5 12. Bc2 Qxd1+ 13. Rxd1 b6 14. Bb3 Nf6 15. Bg5 Ke7 16. Rd6 Bf5 17. Bxf6+ 1-0

[Event "SUI-ch"]
[Site "Graechen"]
[Date "1999.??.??"]
[Round "2"]
[White "Noyer, Olivier"]
[Black "Gruenenwald, Joerg"]
[Result "0-1"]
[WhiteElo "2065"]
[BlackElo "2345"]
[PlyCount "70"]
[EventDate "1999.07.??"]
[EventType "swiss"]
[EventRounds "9"]
[EventCountry "SUI"]
[SourceTitle "EXT 2002"]
[Source "ChessBase"]
[SourceDate "2001.11.25"]
[SourceVersion "1"]
[SourceVersionDate "2001.11.25"]
[SourceQuality "1"]

1. d4 Nf6 2. Nf3 g6 3. c4 Bg7 4. Nc3 0-0 5. e4 d6 6. Be2 Bg4 7. Be3 a6 8. 0-0 Nfd7 9. h3 Bxf3 10. Bxf3 c5 11. d5 b5 12. Be2 bxc4 13. Bxc4 Ra7 14. Qd2 Rb7 15. Rab1 Qa5 16. Bh6 Bxh6 17. Qxh6 Nb6 18. Bb3 Qb4 19. h4 Qd4 20. Rfe1 c4 21. Bc2 Qg7 22. Qxg7+ Kxg7 23. Ne2 N8d7 24. b3 cxb3 25. Rxb3 Rc8 26. Rb2 Rbc7 27. Nd4 Nc4 28. Rb3 Nce5 29. f4 Rc4 30. Rd1 Ng4 31. Bb1 Rc1 32. Rf1 R8c4 33. Nc6 Nc5 34. Bd3 Rxf1+ 35. Kxf1 Rc1+ 0-1

[Event "Arosa SKA op"]
[Site "Arosa"]
[Date "1996.07.15"]
[Round "5"]
[White "Wegmueller, Andreas"]
[Black "Noyer, Olivier"]
[Result "0-1"]
[WhiteElo "1840"]
[BlackElo "1915"]
[PlyCount "62"]
[EventDate "1996.07.11"]
[EventType "swiss"]
[EventRounds "9"]
[EventCountry "SUI"]
[SourceTitle "EXT 2006"]
[Source "ChessBase"]
[SourceDate "2005.11.24"]
[SourceVersion "1"]
[SourceVersionDate "2005.11.24"]
[SourceQuality "1"]

1. e4 c6 2. d4 d5 3. Nc3 g6 4. h3 Bg7 5. Nf3 Nf6 6. Bd3 dxe4 7. Nxe4 Nbd7 8. Nxf6+ Nxf6 9. 0-0 0-0 10. Re1 Re8 11. c3 Qd6 12. Ne5 Nd5 13. Qf3 Be6 14. Bd2 Rad8 15. Rad1 b5 16. h4 f6 17. Nxg6 hxg6 18. Bxg6 Bf7 19. Bb1 e6 20. h5 f5 21. h6 Bf6 22. g4 fxg4 23. Qxg4+ Kh8 24. Kh1 Rg8 25. Qe4 Bg6 26. Qxe6 Bxb1 27. Rxb1 Bg5 28. Bxg5 Rxg5 29. Re5 Qxe6 30. Rxe6 Rh5+ 31. Kg1 Rg8+ 0-1

[Event "Arosa SKA op"]
[Site "Arosa"]
[Date "1996.07.13"]
[Round "3"]
[White "Saladin, Thomas"]
[Black "Noyer, Olivier"]
[Result "0-1"]
[WhiteElo "2155"]
[BlackElo "1915"]
[PlyCount "58"]
[EventDate "1996.07.11"]
[EventType "swiss"]
[EventRounds "9"]
[EventCountry "SUI"]
[SourceTitle "EXT 2006"]
[Source "ChessBase"]
[SourceDate "2005.11.24"]
[SourceVersion "1"]
[SourceVersionDate "2005.11.24"]
[SourceQuality "1"]

1. d4 c6 2. c4 d5 3. Nf3 Nf6 4. Nc3 e6 5. e3 Nbd7 6. Bd3 dxc4 7. Bxc4 b5 8. Bd3 Bb7 9. e4 b4 10. Na4 c5 11. e5 Nd5 12. dxc5 Qc7 13. 0-0 Bxc5 14. Bd2 N5b6 15. Nxc5 Qxc5 16. Rc1 Bxf3 17. Qxf3 Qd4 18. Rc4 Qxb2 19. Bxb4 Nd5 20. Bc3 Qa3 21. Be4 N7b6 22. Rb4 0-0 23. Bxh7+ Kxh7 24. Rh4+ Kg8 25. Qh3 f5 26. exf6 Qxc3 27. Rh8+ Kf7 28. fxg7 Rxh8 29. gxh8Q Rxh8 0-1